000 00432nab a2200145Ia 4500
003 ES-SlBCS
005 20210601125248.0
008 140529s1985 xxu||||| |||| 00| 0 eng d
041 _aeng
100 1 _aBedford Naylor, Margery
_9156099
245 0 0 _aVoluntary Belief
_c Margery Bedford Naylor
650 0 4 _aCreer
_9127095
773 0 _tPhilosophy and Phenomenological Research
_gvol. 45, 1985, págs. 427-436
_wRev1411
942 _cAR
999 _c527437
_d527437